| 000 | 01060cam a2200313 i 4500 | ||
|---|---|---|---|
| 999 |
_c7653 _d7653 |
||
| 001 | 991060537686606706 | ||
| 003 | OSt | ||
| 005 | 20230322104455.0 | ||
| 008 | 220428e202112 spc|||||||||||||| ||spa|c | ||
| 015 |
_aLL2022 _2bnc |
||
| 017 |
_aDL B 20666-2021 _bBiblioteca de Catalunya |
||
| 020 | _a9788491809128 | ||
| 035 | _a(OCoLC)1331538752 | ||
| 040 |
_aES-BaUOC _bcat _erda _cCDMR |
||
| 080 |
_a316.77:35 _22004 |
||
| 245 | 0 | 0 |
_aComunicación institucional pública : _bretos y realidades / _cMar García-Gordillo, Concha Pérez-Curiel (eds) ; prólogo de Ángel Losada Vázquez |
| 264 | 1 |
_aBarcelona : _bUOC, _c2021 |
|
| 300 |
_a226 pàgines: _bil·lustracions ; _c24cm |
||
| 490 | 1 |
_aDircom colección ; _v15 |
|
| 504 | _aReferències bibliogràfiques | ||
| 650 | 7 |
_aComunicació en l'administració pública _2lemac |
|
| 650 | 7 |
_aInstitucions públiques. _2lemac |
|
| 700 | 1 | _aGarcía-Gordillo, Mar, | |
| 700 | 1 | _aPérez Curiel, Concha, | |
| 830 | 0 |
_aDircom colección ; _v15 |
|
| 908 |
_aUOC _aURL _aUAB _aBC |
||
| 940 | _aUOC | ||
| 942 |
_2udc _cMON |
||